[Event "2023 Wolfgang Leonhardt Cup"]
[Site "Woodvale, Perth WA AUS"]
[Date "2023.09.13"]
[Round "5"]
[White "Gibson, Jacob"]
[Black "Gough, Dylan"]
[Result "1/2-1/2"]
[WhiteElo "1987"]
[BlackElo "1762"]
[PlyCount "89"]
[EventDate "2023.08.09"]
[EventType "swiss"]
[EventRounds "7"]
[EventCountry "AUS"]
[TimeControl "3600+30"]

1. e4 c5 2. Nc3 Nc6 3. f4 e6 4. Nf3 d5 5. d3 dxe4 6. dxe4 Qxd1+ 7. Nxd1 Bd7 8.
Bd3 Nge7 9. b3 Ng6 10. g3 Bd6 11. Bb2 f6 12. Ne3 e5 13. Nc4 Bc7 14. f5 Nge7 15.
a4 Nd4 16. Nxd4 cxd4 17. Ba3 Bc6 18. Kf2 Rd8 19. Rhd1 Nc8 20. g4 Nd6 21. Nd2 h5
22. Bxd6 Bxd6 23. gxh5 Rxh5 24. Nf3 a6 25. Rg1 Rh7 26. Rg4 Bf8 27. Rag1 Ke7 28.
R1g2 Be8 29. Nh4 Kd6 30. Bc4 b5 31. axb5 axb5 32. Bd5 Rc8 33. Ke1 Rc3 34. Ng6
Bxg6 35. Rxg6 Rch3 36. Kd2 Rxh2 37. R6g3 R7h3 38. Bf7 Rh4 39. Rxh2 Rxh2+ 40.
Kd3 b4 41. Rg1 Kc5 42. Ra1 Rh3+ 43. Kd2 Rh2+ 44. Kd3 Rh3+ 45. Kd2 1/2-1/2

[Event "2023 Wolfgang Leonhardt Cup"]
[Site "Woodvale, Perth WA AUS"]
[Date "2023.09.13"]
[Round "5"]
[White "Oswald, Franz"]
[Black "Leonhardt, Wolfgang"]
[Result "1-0"]
[WhiteElo "1641"]
[BlackElo "1760"]
[PlyCount "61"]
[EventDate "2023.08.09"]
[EventType "swiss"]
[EventRounds "7"]
[EventCountry "AUS"]
[TimeControl "3600+30"]

1. d4 Nf6 2. c4 d5 3. Nc3 e6 4. Bg5 Be7 5. e3 O-O 6. cxd5 exd5 7. Bd3 Nc6 8. a3
Re8 9. Qc2 h6 10. Bh4 a6 11. Nf3 Bg4 12. Nd2 Nxd4 13. exd4 Bc5+ 14. Ne2 Bxe2
15. Bxe2 Bxd4 16. Nf3 Bb6 17. O-O c5 18. Rfe1 Ba5 19. Red1 Rc8 20. Bf1 Qd7 21.
Bxf6 gxf6 22. Qc1 Kg7 23. Qc2 b5 24. Bd3 Rc6 25. Rac1 c4 26. Bf5 Qd6 27. Nd4
Rc7 28. Bh3 Kh8 29. Nf5 Qe5 30. g3 Bb6 31. Re1 1-0

[Event "2023 Wolfgang Leonhardt Cup"]
[Site "Woodvale, Perth WA AUS"]
[Date "2023.09.13"]
[Round "5"]
[White "Garang, Kuol Awan"]
[Black "Kerr, Carter"]
[Result "0-1"]
[WhiteElo "1632"]
[BlackElo "1485"]
[PlyCount "100"]
[EventDate "2023.08.09"]
[EventType "swiss"]
[EventRounds "7"]
[EventCountry "AUS"]
[TimeControl "3600+30"]

1. e4 e5 2. Bc4 Nf6 3. Nc3 Bc5 4. Nf3 Nc6 5. a3 d6 6. O-O Bg4 7. Be2 O-O 8. b4
Bb6 9. Nd5 Nxe4 10. b5 Ne7 11. Nxb6 axb6 12. Bb2 Nf6 13. c4 Ng6 14. Qb3 e4 15.
Nd4 Bxe2 16. Nxe2 Nd7 17. d4 exd3 18. Qxd3 Nge5 19. Qg3 Qf6 20. Rab1 Nc5 21.
Nc3 Nxc4 22. Nd5 Qh6 23. Bc1 Qe6 24. Nxc7 Qe4 25. Bh6 Qe5 26. Bf4 Qf6 27. Nxa8
Rxa8 28. Ra1 d5 29. Rfe1 Ne4 30. Qg4 h5 31. Qxh5 Qxf4 32. Qxd5 Qxf2+ 33. Kh1
Ned6 34. Qd3 Rc8 35. Re2 Qf6 36. Rae1 Ne5 37. Qb1 Ng4 38. Rf1 Qd4 39. Rd1 Qf4
40. g3 Qf3+ 41. Rg2 Nf2+ 42. Kg1 Nxd1 43. h3 Ne3 44. Rd2 Qxg3+ 45. Kh1 Ne4 46.
Rh2 Qf3+ 47. Kg1 Rc5 48. h4 Qg3+ 49. Kh1 Nf2+ 50. Rxf2 Qxf2 0-1

[Event "2023 John Brooke Cup"]
[Site "Woodvale, Perth WA AUS"]
[Date "2023.09.13"]
[Round "5"]
[White "Ross, Leo"]
[Black "Curtis, Calan"]
[Result "0-1"]
[WhiteElo "1335"]
[BlackElo "1300"]
[PlyCount "76"]
[EventDate "2023.08.09"]
[EventType "swiss"]
[EventRounds "7"]
[EventCountry "AUS"]
[TimeControl "3600+30"]

1. e4 e6 2. d4 d5 3. Nc3 Nf6 4. Bg5 Bb4 5. e5 h6 6. exf6 hxg5 7. fxg7 Rg8 8.
Nf3 Rxg7 9. Ne5 g4 10. h3 g3 11. fxg3 Rxg3 12. Qh5 Qf6 13. Bb5+ c6 14. Rf1 Rg5
15. Qh7 Rxe5+ 16. dxe5 Bxc3+ 17. bxc3 Qxe5+ 18. Kd2 cxb5 19. Qxf7+ Kd8 20. Qf6+
Qxf6 21. Rxf6 Ke7 22. Raf1 Nc6 23. Rf8 Rb8 24. g4 Bd7 25. R8f7+ Kd6 26. g5 Ne5
27. R7f4 Rg8 28. Rg1 Ng6 29. Rf6 Be8 30. Rg4 Rf8 31. Rxf8 Nxf8 32. h4 Bh5 33.
Rg1 Ng6 34. Ke3 Nxh4 35. Rh1 Nf5+ 36. Kf4 Bg6 37. Rh8 Ne7 38. Rh6 Bxc2 0-1

[Event "2023 John Brooke Cup"]
[Site "Woodvale, Perth WA AUS"]
[Date "2023.09.13"]
[Round "5"]
[White "Sethuraman, Jaswanth Ram"]
[Black "Howard, Mark"]
[Result "1/2-1/2"]
[WhiteElo "824"]
[BlackElo "1452"]
[PlyCount "77"]
[EventDate "2023.08.09"]
[EventType "swiss"]
[EventRounds "7"]
[EventCountry "AUS"]
[TimeControl "3600+30"]

1. e4 e5 2. Nf3 Nc6 3. Nc3 Bc5 4. Bb5 Nf6 5. Bxc6 dxc6 6. Nxe5 Qd4 7. Nd3 Bg4
8. f3 Bh5 9. Ne2 Qc4 10. b3 Qb5 11. e5 Nd7 12. a4 Qb6 13. a5 Qb5 14. Nc3 Qa6
15. Nf4 Bg6 16. d4 Bb4 17. Bd2 Bxc3 18. Bxc3 O-O-O 19. Nxg6 hxg6 20. Qd3 Qxd3
21. cxd3 Rde8 22. O-O f6 23. Rfe1 fxe5 24. dxe5 Nc5 25. d4 Nd3 26. Re4 g5 27.
g3 c5 28. Rd1 cxd4 29. Rxd3 dxc3 30. Rxc3 Rd8 31. Re1 Rd2 32. Rec1 c6 33. a6
Rhxh2 34. axb7+ Kxb7 35. Rxc6 Rhg2+ 36. Kh1 Rh2+ 37. Kg1 Rhg2+ 38. Kh1 Rh2+ 39.
Kg1 1/2-1/2

[Event "2023 John Brooke Cup"]
[Site "Woodvale, Perth WA AUS"]
[Date "2023.09.13"]
[Round "5"]
[White "Massam, Justin"]
[Black "Hounsome, David"]
[Result "0-1"]
[WhiteElo "1479"]
[BlackElo "1370"]
[PlyCount "114"]
[EventDate "2023.08.09"]
[EventType "swiss"]
[EventRounds "7"]
[EventCountry "AUS"]
[TimeControl "3600+30"]

1. d4 Nf6 2. Nf3 c5 3. c3 cxd4 4. cxd4 Nc6 5. Nc3 e6 6. a3 d5 7. Bg5 Be7 8. e3
O-O 9. Bd3 a6 10. O-O Qc7 11. Bf4 Bd6 12. Bxd6 Qxd6 13. Re1 e5 14. dxe5 Nxe5
15. Nxe5 Qxe5 16. Be2 b5 17. Bf3 Bb7 18. Rc1 Rad8 19. b4 Rd7 20. h3 Rfd8 21.
Qb3 Ne4 22. Nxe4 dxe4 23. Rc5 Bd5 24. Be2 g6 25. Qc2 Kg7 26. Rd1 Qe6 27. Qc3+
Qf6 28. Qxf6+ Kxf6 29. Bg4 Rd6 30. Bc8 Ke5 31. Bb7 f5 32. Kh2 Ke6 33. Bxd5+
Rxd5 34. Rc6+ R8d6 35. Rxd5 Kxd5 36. Rc5+ Ke6 37. Kg3 g5 38. f4 exf3 39. Kxf3
Rd5 40. Rc6+ Rd6 41. Rc5 Rd5 42. Rc6+ Rd6 43. Rxd6+ Kxd6 44. e4 Ke5 45. exf5
Kxf5 46. g4+ Ke5 47. Ke3 h6 48. Kd3 Kf4 49. Ke2 Kg3 50. Ke3 Kxh3 51. Kf3 Kh4
52. Kg2 Kxg4 53. Kh2 Kf3 54. Kh3 h5 55. Kh2 g4 56. Kh1 g3 57. Kg1 g2 0-1

[Event "2023 John Brooke Cup"]
[Site "Woodvale, Perth WA AUS"]
[Date "2023.09.13"]
[Round "5"]
[White "Lanham, Bruce"]
[Black "Brooke, John"]
[Result "1-0"]
[WhiteElo "1206"]
[BlackElo "1435"]
[PlyCount "105"]
[EventDate "2023.08.09"]
[EventType "swiss"]
[EventRounds "7"]
[EventCountry "AUS"]
[TimeControl "3600+30"]

1. d4 d5 2. Nf3 Nc6 3. g3 Bf5 4. Bg2 e6 5. O-O h6 6. c4 dxc4 7. Nbd2 b5 8. Ne5
Nxd4 9. Bxa8 Qxa8 10. Ndf3 Nxf3+ 11. exf3 Bd6 12. f4 Bh3 13. Qf3 Qxf3 14. Nxf3
Bxf1 15. Kxf1 Nf6 16. Be3 a6 17. Rd1 O-O 18. Ne5 a5 19. h3 b4 20. Nc6 a4 21.
Bd2 Nd5 22. Rc1 c3 23. bxc3 bxc3 24. Bxc3 Nxc3 25. Rxc3 Ra8 26. Ke2 a3 27. Kd3
Ra6 28. Nd4 Rb6 29. Rb3 Kf8 30. Rxb6 cxb6 31. Nb5 Bc5 32. f3 Ke7 33. Kc4 Kd7
34. Kb3 Bf2 35. g4 g6 36. Kc4 Bg3 37. Nxa3 Bxf4 38. Kb5 Be3 39. Nc4 Bc5 40.
Nxb6+ Bxb6 41. Kxb6 Kc8 42. a4 Kb8 43. Kc6 h5 44. gxh5 gxh5 45. Kd6 Kb7 46. Ke7
Kb6 47. Kxf7 Ka5 48. Kxe6 Kxa4 49. f4 Kb4 50. f5 Kc4 51. f6 Kd4 52. f7 Ke4 53.
f8=Q {Scoresheet not clear} 1-0

[Event "2023 John Brooke Cup"]
[Site "Woodvale, Perth WA AUS"]
[Date "2023.09.13"]
[Round "5"]
[White "Frankland, David"]
[Black "Owen, Geoffrey"]
[Result "1-0"]
[WhiteElo "1098"]
[BlackElo "1030"]
[PlyCount "57"]
[EventDate "2023.08.09"]
[EventType "swiss"]
[EventRounds "7"]
[EventCountry "AUS"]
[TimeControl "3600+30"]

1. e4 c5 2. h3 a6 3. c4 Nc6 4. Nf3 e6 5. d4 Nf6 6. e5 Ne4 7. Bd3 Nxf2 8. Kxf2
cxd4 9. Be4 Bc5 10. Bxc6 dxc6 11. Qd3 b5 12. Nbd2 f5 13. Nb3 bxc4 14. Qxc4 Bb6
15. Nbxd4 Bxd4+ 16. Qxd4 Bb7 17. Qxd8+ Rxd8 18. Bg5 Rd2+ 19. Nxd2 h6 20. Be3 g5
21. Bc5 Kf7 22. Nc4 Kg6 23. Rad1 g4 24. h4 f4 25. g3 fxg3+ 26. Kxg3 Kf5 27.
Nd6+ Kxe5 28. Nxb7 Rf8 29. Bxf8 1-0

[Event "2023 John Brooke Cup"]
[Site "Woodvale, Perth WA AUS"]
[Date "2023.09.13"]
[Round "5"]
[White "Rennie, Mike"]
[Black "Bordas, Lindsay"]
[Result "0-1"]
[WhiteElo "891"]
[BlackElo "1122"]
[PlyCount "94"]
[EventDate "2023.08.09"]
[EventType "swiss"]
[EventRounds "7"]
[EventCountry "AUS"]
[TimeControl "3600+30"]

1. e4 e6 2. d3 d5 3. Nc3 c5 4. Nf3 Nc6 5. Bg5 Be7 6. Be2 Bxg5 7. Nxg5 Qxg5 8.
Nb5 Qd8 9. Qd2 a6 10. Na3 Qa5 11. c3 Nf6 12. exd5 exd5 13. Qe3+ Be6 14. Qg5 O-O
15. Qf4 Rfe8 16. O-O d4 17. Nc4 Bxc4 18. dxc4 Rxe2 19. Rae1 d3 20. Rd1 Qd8 21.
Qf3 Ne5 22. Qg3 Nh5 23. Qh3 Nf4 24. Qf5 Qf6 25. Qxf6 gxf6 26. h4 d2 27. Kh2 Kh8
28. g3 Nfd3 29. Kg2 Re1 30. Rxd2 Rxf1 31. Kxf1 Rd8 32. f4 Nxc4 33. Re2 Ncxb2
34. Re7 Rg8 35. Kg2 Nxf4+ 36. Kf3 Nd5 37. Rxb7 Na4 38. c4 Ndc3 39. Rxf7 Nxa2
40. Rxf6 Nb4 41. g4 Nc3 42. g5 Kg7 43. h5 Kh8 44. Kg4 Ne4 45. g6 Nxf6+ 46. Kg5
Nxh5 47. Kxh5 hxg6+ 0-1

[Event "2023 Wolfgang Leonhardt Cup"]
[Site "Woodvale, Perth WA AUS"]
[Date "2023.09.20"]
[Round "6"]
[White "Maggs, Derwent"]
[Black "Lakner, Jay"]
[Result "0-1"]
[WhiteElo "2251"]
[BlackElo "2144"]
[PlyCount "104"]
[EventDate "2023.08.09"]
[EventType "swiss"]
[EventRounds "7"]
[EventCountry "AUS"]
[TimeControl "3600+30"]

1. d4 f5 2. c4 Nf6 3. Nc3 g6 4. h4 d6 5. h5 gxh5 6. Bg5 Be6 7. Bxf6 exf6 8. e3
Bf7 9. Be2 Rg8 10. Bxh5 Bg6 11. Bf3 c6 12. Nge2 Na6 13. Nf4 Nc7 14. d5 c5 15.
Rb1 Qd7 16. Ne6 f4 17. Ne4 Be7 18. Nxf4 O-O-O 19. b4 cxb4 20. Rxb4 Na6 21. Rb5
f5 22. Nd2 Rde8 23. Ne6 b6 24. Qa4 Nc5 25. Nxc5 dxc5 26. Qa6+ Kd8 27. a4 f4 28.
e4 Bf6 29. Rb3 Be5 30. a5 Qa4 31. Qxa7 Qxa5 32. Qxb6+ Qxb6 33. Rxb6 Bc3 34.
Rd6+ Ke7 35. Re6+ Kf7 36. Rxe8 Rxe8 37. Ke2 Rb8 38. Rc1 Ba5 39. Rb1 Re8 40.
Rb7+ Kf6 41. Nb3 Bb4 42. Kd3 Ra8 43. Rb6+ Ke7 44. Re6+ Kf7 45. Bd1 Ra2 46. Bc2
f3 47. g4 Ra3 48. g5 Kg7 49. Rf6 h6 50. Rxf3 hxg5 51. Ke2 Ra2 52. Kd1 Bh5 0-1

[Event "2023 Wolfgang Leonhardt Cup"]
[Site "Woodvale, Perth WA AUS"]
[Date "2023.09.20"]
[Round "6"]
[White "Clarke, Daniel"]
[Black "Saxon, Marc"]
[Result "1/2-1/2"]
[WhiteElo "1902"]
[BlackElo "2053"]
[PlyCount "162"]
[EventDate "2023.08.09"]
[EventType "swiss"]
[EventRounds "7"]
[EventCountry "AUS"]
[TimeControl "3600+30"]

1. e4 c5 2. Nf3 g6 3. d4 cxd4 4. Nxd4 Nc6 5. Nc3 Bg7 6. Be3 Nf6 7. Bc4 O-O 8.
Bb3 Ng4 9. Qxg4 Nxd4 10. Qd1 Nxb3 11. cxb3 Qa5 12. Bd4 d6 13. Bxg7 Kxg7 14.
Qd4+ Kg8 15. O-O-O Be6 16. Kb1 Rac8 17. h4 Qc5 18. Qd2 h5 19. f3 Kg7 20. Rdg1
d5 21. Nxd5 Bxd5 22. exd5 Rfd8 23. Rc1 Qxd5 24. Qxd5 Rxc1+ 25. Rxc1 Rxd5 26.
Rc7 Rd2 27. Rxe7 Rxg2 28. Rxb7 g5 29. Rb5 Kf6 30. Kc1 Kg6 31. Rb8 Rg3 32. Kd2
gxh4 33. Ke3 Kg7 34. Kf2 Rg6 35. Rb4 h3 36. Rh4 Rg2+ 37. Kf1 Rxb2 38. Rxh3 Kg6
39. Rg3+ Kf5 40. Rg7 Kf6 41. Rg2 Rb1+ 42. Kf2 Kf5 43. Kg3 Rh1 44. Rc2 h4+ 45.
Kg2 Re1 46. a4 Re7 47. b4 Kg5 48. Rc4 f5 49. b5 Re2+ 50. Kf1 Rb2 51. Rc7 Kf4
52. Rxa7 Kxf3 53. Kg1 Rg2+ 54. Kh1 h3 55. Rh7 Kg3 56. Rg7+ Kf2 57. Rf7 Rg5 58.
b6 Kg3 59. b7 Rg8 60. Rg7+ Rxg7 61. b8=Q+ f4 62. Qb2 Re7 63. Qa3+ Re3 64. Qc1
Re2 65. Qg1+ Rg2 66. Qe1+ Kg4 67. a5 f3 68. a6 f2 69. Qe4+ Kg3 70. Qe3+ Kg4 71.
Qe6+ Kg3 72. Qg6+ Kf3 73. Qb1 Kg3 74. Qd3+ Kg4 75. Qf1 Kg3 76. Qd3+ Kg4 77. a7
Rg1+ 78. Kh2 Rg2+ 79. Kh1 Rg1+ {(=)} 80. Kh2 Rg2+ 81. Kh1 Rg1+ 1/2-1/2

[Event "2023 Wolfgang Leonhardt Cup"]
[Site "Woodvale, Perth WA AUS"]
[Date "2023.09.20"]
[Round "6"]
[White "Maris, Rob"]
[Black "Janceski, Alex"]
[Result "1-0"]
[WhiteElo "2044"]
[BlackElo "1879"]
[PlyCount "63"]
[EventDate "2023.08.09"]
[EventType "swiss"]
[EventRounds "7"]
[EventCountry "AUS"]
[TimeControl "3600+30"]

1. c4 e5 2. Nc3 Nf6 3. Nf3 Nc6 4. e3 d5 5. cxd5 Nxd5 6. Bb5 Nxc3 7. bxc3 Bd6 8.
d4 exd4 9. cxd4 Bd7 10. O-O O-O 11. Re1 a6 12. Bc4 Bg4 13. Bb2 Bb4 14. Rf1 Qf6
15. Be2 Rad8 16. Qb3 Be6 17. d5 Bxd5 18. Bxf6 Bxb3 19. Bxd8 Bxa2 20. Bxc7 Be6
21. Rfc1 Rc8 22. Bb6 h6 23. Nd4 Bd7 24. Nxc6 Bxc6 25. Bf3 a5 26. Bxa5 Be7 27.
Bxc6 bxc6 28. Rc4 Ra8 29. Bc3 Rc8 30. Kf1 Rc7 31. Be5 Rc8 32. Rac1 1-0

[Event "2023 Wolfgang Leonhardt Cup"]
[Site "Woodvale, Perth WA AUS"]
[Date "2023.09.20"]
[Round "6"]
[White "Curthoys, Edward"]
[Black "Plaganyi, Gyula"]
[Result "0-1"]
[WhiteElo "1848"]
[BlackElo "1972"]
[BlackTitle "CM"]
[PlyCount "96"]
[EventDate "2023.08.09"]
[EventType "swiss"]
[EventRounds "7"]
[EventCountry "AUS"]
[TimeControl "3600+30"]

1. e4 c5 2. Nf3 g6 3. c3 Bg7 4. d4 cxd4 5. cxd4 d5 6. e5 Bg4 7. Be2 Nc6 8. h3
Bxf3 9. Bxf3 e6 10. Na3 f6 11. exf6 Qxf6 12. Nb5 O-O-O 13. Be3 a6 14. a4 Nge7
15. Qc1 Kd7 16. Bg5 Qf7 17. Bf4 axb5 18. axb5 Nxd4 19. Ra7 Rc8 20. Rxb7+ Ke8
21. Rc7 Rd8 22. Qc5 Bf6 23. Bd1 e5 24. Bd2 Ne6 25. Qa7 Nxc7 26. Qxc7 Qe6 27.
Bg4 Qd6 28. Qa5 Kf7 29. Bb4 Qb8 30. O-O h5 31. Be2 Rc8 32. Rd1 Rhd8 33. Qa2 Qb7
34. Qb3 Nf5 35. Bf3 Nd4 36. Qe3 Nxf3+ 37. Qxf3 Qxb5 38. Ba3 e4 39. Qf4 Qb8 40.
Qh6 Bg7 41. Qg5 Qe5 42. Qd2 d4 43. Qb4 Bf6 44. Qb3+ Kg7 45. Qb7+ Rc7 46. Qb6
Be7 47. Bxe7 Qxe7 48. Rxd4 Rc1+ 0-1

[Event "2023 Wolfgang Leonhardt Cup"]
[Site "Woodvale, Perth WA AUS"]
[Date "2023.09.20"]
[Round "6"]
[White "Kerr, Lennon"]
[Black "Oswald, Franz"]
[Result "1-0"]
[WhiteElo "1576"]
[BlackElo "1641"]
[PlyCount "105"]
[EventDate "2023.08.09"]
[EventType "swiss"]
[EventRounds "7"]
[EventCountry "AUS"]
[TimeControl "3600+30"]

1. e4 c5 2. Nf3 e6 3. d4 cxd4 4. Nxd4 Nc6 5. Nc3 Nf6 6. Bg5 a6 7. Be2 Be7 8.
O-O b5 9. a3 Bb7 10. Bf3 Ne5 11. Re1 Rc8 12. Bf4 Nxf3+ 13. Nxf3 Rxc3 14. bxc3
Nxe4 15. Qd3 d5 16. Nd4 Bf6 17. f3 Nc5 18. Qe2 O-O 19. Qf2 Qc8 20. Bd6 Re8 21.
Nf5 Na4 22. Qe3 Nxc3 23. Bb4 Na4 24. Nd6 Qc6 25. Nxe8 Qxe8 26. Rad1 Nb2 27. Rb1
Nc4 28. Qc5 a5 29. Bxa5 Nxa5 30. Rxb5 Be7 31. Qb6 Bd8 32. Qd6 Be7 33. Rxe6 fxe6
34. Qxe6+ Qf7 35. Qxf7+ Kxf7 36. Rxa5 Bc6 37. Kf1 Ke6 38. Ra6 Kd6 39. a4 Kc5
40. Ra7 Bf6 41. a5 Bc3 42. g4 Kb5 43. Ke2 Bd4 44. Rc7 Kc5 45. Kd3 Be5 46. Rf7
Bb5+ 47. Ke3 h6 48. h4 Ba4 49. f4 Bb2 50. a6 Bd4+ 51. Kd2 Bb5 52. a7 Bc6 53.
Rf8 1-0

[Event "2023 Wolfgang Leonhardt Cup"]
[Site "Woodvale, Perth WA AUS"]
[Date "2023.09.20"]
[Round "6"]
[White "Doshi, Chirag"]
[Black "Gibson, Jacob"]
[Result "0-1"]
[WhiteElo "1870"]
[BlackElo "1987"]
[PlyCount "106"]
[EventDate "2023.08.09"]
[EventType "swiss"]
[EventRounds "7"]
[EventCountry "AUS"]
[TimeControl "3600+30"]

1. e4 c5 2. f4 e6 3. d3 d5 4. e5 Nc6 5. Nf3 Nge7 6. Be2 h5 7. Be3 Nf5 8. Bf2
Be7 9. Nc3 Qb6 10. Rb1 d4 11. Ne4 Qa5+ 12. c3 Qxa2 13. O-O O-O 14. Nfd2 Qd5 15.
c4 Qd7 16. Bxh5 Nb4 17. Be2 b6 18. Nf3 Bb7 19. Nfg5 b5 20. b3 bxc4 21. bxc4 a5
22. Ng3 Nxg3 23. Bxg3 Bxg5 24. fxg5 Na2 25. Qb3 Nc3 26. Rb2 Nxe2+ 27. Rxe2 Rfb8
28. Qa3 Qc6 29. h4 g6 30. Ref2 Ra7 31. Qb2 Rf8 32. h5 gxh5 33. g6 Ba8 34. Qe2
Kg7 35. Bh4 Kxg6 36. Rf6+ Kg7 37. Qd2 Rh8 38. Qg5+ Kf8 39. Rh6 Rg8 40. Qd8+ Kg7
41. Bf6+ Kxh6 42. Qxg8 Qxg2+ 43. Qxg2 Bxg2 44. Kxg2 a4 45. Ra1 Kg6 46. Bd8 Ra6
47. Be7 Ra5 48. Kg3 a3 49. Ra2 Kf5 50. Bd6 h4+ 51. Kxh4 Kf4 52. Bc7 Ra8 53. Bb6
Rh8# 0-1

[Event "2023 Wolfgang Leonhardt Cup"]
[Site "Woodvale, Perth WA AUS"]
[Date "2023.09.20"]
[Round "6"]
[White "Kerr, Carter"]
[Black "Roebuck, Derek"]
[Result "1-0"]
[WhiteElo "1485"]
[BlackElo "1796"]
[PlyCount "75"]
[EventDate "2023.08.09"]
[EventType "swiss"]
[EventRounds "7"]
[EventCountry "AUS"]
[TimeControl "3600+30"]

1. e4 e5 2. Nf3 Nc6 3. Bb5 f5 4. exf5 e4 5. Bxc6 dxc6 6. Ne5 Nf6 7. g4 Qd5 8.
g5 Qxe5 9. gxf6 Qxf6 10. Qh5+ g6 11. fxg6 hxg6 12. Qe2 Bf5 13. d3 Qe6 14. Nc3
exd3 15. Qxe6+ Bxe6 16. cxd3 O-O-O 17. Ke2 Bg4+ 18. f3 Bf5 19. Ne4 Bd6 20. Bg5
Rde8 21. h4 Be7 22. Kd2 Bxg5+ 23. hxg5 Bxe4 24. dxe4 Kd7 25. Ke3 Ke7 26. Kf4
Kf7 27. Rad1 Rhf8 28. Kg4 Ke6 29. Rh7 Re7 30. Rxe7+ Kxe7 31. f4 Rh8 32. Rd2 Rh1
33. Rg2 Re1 34. Kf3 c5 35. f5 gxf5 36. exf5 Kf7 37. g6+ Kg7 38. Kg4 1-0

[Event "2023 Wolfgang Leonhardt Cup"]
[Site "Woodvale, Perth WA AUS"]
[Date "2023.09.20"]
[Round "6"]
[White "Stortz, Robert"]
[Black "Bhatia, Abhay"]
[Result "1-0"]
[WhiteElo "1796"]
[BlackElo "1678"]
[PlyCount "27"]
[EventDate "2023.08.09"]
[EventType "swiss"]
[EventRounds "7"]
[EventCountry "AUS"]
[TimeControl "3600+30"]

1. d4 d5 2. Bf4 Bf5 3. Nc3 Nf6 4. f3 a6 5. g4 Bg6 6. h4 h6 7. e3 e6 8. a3 c5 9.
h5 Bh7 10. Bd3 cxd4 11. exd4 Qb6 12. Nge2 Qxb2 13. Na4 Bb4+ 14. Kf2 1-0

[Event "2023 Wolfgang Leonhardt Cup"]
[Site "Woodvale, Perth WA AUS"]
[Date "2023.09.20"]
[Round "6"]
[White "Leonhardt, Wolfgang"]
[Black "Akers, Gerard"]
[Result "1-0"]
[WhiteElo "1760"]
[BlackElo "1562"]
[PlyCount "63"]
[EventDate "2023.08.09"]
[EventType "swiss"]
[EventRounds "7"]
[EventCountry "AUS"]
[TimeControl "3600+30"]

1. d4 Nf6 2. c4 e6 3. Nc3 Bb4 4. a3 Bxc3+ 5. bxc3 d5 6. e3 O-O 7. Nf3 Nbd7 8.
Bd3 b6 9. cxd5 exd5 10. O-O c5 11. Ra2 c4 12. Bb1 Re8 13. Nd2 Qc7 14. f3 Rxe3
15. Nxc4 Rxc3 16. Ne5 Nxe5 17. dxe5 Qxe5 18. Re1 Qc7 19. Rae2 Ba6 20. Re7 Qc5+
21. Kh1 Qd6 22. Bb2 Rc7 23. Rxc7 Qxc7 24. Bxf6 gxf6 25. Qxd5 Rd8 26. Qe4 Kf8
27. Qxh7 Qe5 28. Qh6+ Kg8 29. Bh7+ Kh8 30. Bg6+ Kg8 31. Qh7+ Kf8 32. Qxf7# 1-0

[Event "2023 John Brooke Cup"]
[Site "Woodvale, Perth WA AUS"]
[Date "2023.09.20"]
[Round "6"]
[White "Curtis, Calan"]
[Black "Leech, Martin"]
[Result "1-0"]
[WhiteElo "1300"]
[BlackElo "1522"]
[PlyCount "49"]
[EventDate "2023.08.09"]
[EventType "swiss"]
[EventRounds "7"]
[EventCountry "AUS"]
[TimeControl "3600+30"]

1. d4 d5 2. Nc3 Nf6 3. Bf4 c5 4. dxc5 a6 5. a3 Nc6 6. Nf3 Bg4 7. Ne5 Nxe5 8.
Bxe5 e6 9. Na4 Qa5+ 10. c3 Be7 11. b4 Qb5 12. Nb6 O-O 13. Nxa8 Rxa8 14. Qd4 Bf5
15. e4 Qd7 16. exf5 exf5 17. Rd1 Re8 18. Be2 Qe6 19. O-O Bd8 20. Bxf6 Bxf6 21.
Qe3 Qd7 22. Rxd5 Rxe3 23. Rxd7 Rxe2 24. Rxb7 g6 25. c6 1-0

[Event "2023 John Brooke Cup"]
[Site "Woodvale, Perth WA AUS"]
[Date "2023.09.20"]
[Round "6"]
[White "Howard, Mark"]
[Black "Ross, Leo"]
[Result "1-0"]
[WhiteElo "1452"]
[BlackElo "1335"]
[PlyCount "75"]
[EventDate "2023.08.09"]
[EventType "swiss"]
[EventRounds "7"]
[EventCountry "AUS"]
[TimeControl "3600+30"]

1. e4 c6 2. Nc3 d5 3. exd5 cxd5 4. d4 Nc6 5. h3 Bf5 6. Nf3 Nf6 7. Bb5 a6 8.
Bxc6+ bxc6 9. O-O e6 10. a3 h6 11. Ne2 c5 12. c3 Be7 13. Ng3 Bh7 14. b4 cxd4
15. cxd4 O-O 16. Ne5 Qc7 17. Nh5 Nxh5 18. Qxh5 Qc3 19. Be3 Bf6 20. Rfc1 Qb3 21.
Nd7 Bg6 22. Nxf6+ gxf6 23. Qxh6 Rfc8 24. Rxc8+ Rxc8 25. Rc1 Rxc1+ 26. Bxc1 Qc3
27. Qf4 Kg7 28. Qh6+ Kg8 29. Qd2 Qxd2 30. Bxd2 Bd3 31. f3 e5 32. Bc3 e4 33.
fxe4 Bxe4 34. Kf2 Kg7 35. g3 Kg6 36. Ke3 Kg5 37. a4 Bf5 38. h4+ 1-0

[Event "2023 John Brooke Cup"]
[Site "Woodvale, Perth WA AUS"]
[Date "2023.09.20"]
[Round "6"]
[White "Hounsome, David"]
[Black "Sethuraman, Jaswanth Ram"]
[Result "0-1"]
[WhiteElo "1370"]
[BlackElo "824"]
[PlyCount "98"]
[EventDate "2023.08.09"]
[EventType "swiss"]
[EventRounds "7"]
[EventCountry "AUS"]
[TimeControl "3600+30"]

1. b3 e5 2. Bb2 Nc6 3. e3 a6 4. d4 exd4 5. exd4 d5 6. Nf3 Bg4 7. Be2 Bxf3 8.
Bxf3 Nge7 9. O-O g6 10. Re1 Bg7 11. c4 O-O 12. Na3 Qd7 13. Nc2 Rfe8 14. Qd2
dxc4 15. bxc4 Nf5 16. Rxe8+ Rxe8 17. Rd1 b6 18. Bxc6 Qxc6 19. Qd3 Qd7 20. Ne3
Nxe3 21. fxe3 Qe7 22. Re1 Bh6 23. Bc1 Bg7 24. Bd2 Rd8 25. a3 a5 26. Bc3 Qxa3
27. Ra1 Qe7 28. e4 Qd6 29. d5 Bxc3 30. Qxc3 Qc5+ 31. Kf1 Re8 32. Re1 Qe7 33. e5
Qg5 34. g3 Qf5+ 35. Kg2 a4 36. Qf3 Qc2+ 37. Qe2 Qxe2+ 38. Rxe2 a3 39. Kf3 a2
40. Rxa2 Rxe5 41. Re2 Rxe2 42. Kxe2 Kf8 43. Ke3 Ke7 44. Ke4 Kd6 45. Kd4 f5 46.
h4 c5+ 47. dxc6 Kxc6 48. Kd3 Kc5 49. Kc3 h6 0-1

[Event "2023 John Brooke Cup"]
[Site "Woodvale, Perth WA AUS"]
[Date "2023.09.20"]
[Round "6"]
[White "Young, Manfred"]
[Black "Boswarva, Ernest"]
[Result "0-1"]
[WhiteElo "1090"]
[BlackElo "1516"]
[PlyCount "76"]
[EventDate "2023.08.09"]
[EventType "swiss"]
[EventRounds "7"]
[EventCountry "AUS"]
[TimeControl "3600+30"]

1. d4 d5 2. Nc3 Nf6 3. h3 e6 4. Bg5 c5 5. e3 a6 6. Nf3 Nbd7 7. Ne5 Be7 8. Qf3
Qa5 9. Bxf6 Nxf6 10. Be2 O-O 11. O-O cxd4 12. exd4 Qb6 13. Qe3 Qxb2 14. Rab1
Qa3 15. Rb3 Qa5 16. Rfb1 Qc7 17. Bd3 Nd7 18. Nxd7 Qxd7 19. f4 b5 20. Qf2 Qc7
21. Qd2 Bd6 22. Ne2 f6 23. Qe3 e5 24. fxe5 fxe5 25. dxe5 Bxe5 26. Nd4 Bf4 27.
Qe2 Qb6 28. c3 Qh6 29. Kh1 Bd7 30. Qf3 Be8 31. Qxd5+ Bf7 32. Qf3 Bxb3 33. axb3
Rae8 34. Qd5+ Kh8 35. Rf1 Re3 36. Nf5 Rxh3+ 37. Kg1 Rh1+ 38. Kf2 Rxf1+ 0-1

[Event "2023 John Brooke Cup"]
[Site "Woodvale, Perth WA AUS"]
[Date "2023.09.20"]
[Round "6"]
[White "Porteus, Grant"]
[Black "Frankland, David"]
[Result "0-1"]
[WhiteElo "1381"]
[BlackElo "1098"]
[PlyCount "106"]
[EventDate "2023.08.09"]
[EventType "swiss"]
[EventRounds "7"]
[EventCountry "AUS"]
[TimeControl "3600+30"]

1. d4 d5 2. Bf4 Nc6 3. c3 Bf5 4. Nd2 e6 5. Ngf3 Bd6 6. Ne5 Bxe5 7. dxe5 g5 8.
Bg3 h5 9. f3 h4 10. Bf2 Nxe5 11. Qb3 b6 12. O-O-O Ne7 13. c4 d4 14. e4 Bg6 15.
Nb1 c5 16. Nc3 Qb8 17. g3 dxc3 18. Qxc3 O-O 19. gxh4 Rd8 20. Be2 Rxd1+ 21. Bxd1
N7c6 22. hxg5 Qd6 23. Bg3 Qd4 24. Qxd4 cxd4 25. b3 Nd3+ 26. Kd2 Ndb4 27. h4 Bh5
28. f4 Bxd1 29. Rxd1 Nxa2 30. f5 exf5 31. exf5 Nc3 32. Re1 Na2 33. Bd6 Rd8 34.
c5 bxc5 35. Bxc5 Rd5 36. Ba3 Rxf5 37. Ra1 a5 38. Kd3 Nab4+ 39. Ke4 Re5+ 40. Kf4
Nc2 41. Rc1 d3 42. Bb2 Re1 43. Rxe1 Nxe1 44. Bc3 Ng2+ 45. Kg3 Ne3 46. Kf3 Nd5
47. Be1 Ncb4 48. Ke4 Kg7 49. Ke5 Kg6 50. Bd2 f6+ 51. gxf6 Nxf6 52. Kf4 Kh5 53.
Bc3 Nfd5+ 0-1